Test your Grammar - Choose the correct sentence - Statistics

General Stats
  • This quiz has been taken 184 times
  • The average score is 9 of 10
Answer Stats
Question Answer % Correct
Choose the Correct Sentence Have you eaten?
100%
Choose the Correct Sentence Mark is a boy.
100%
Choose the Correct Sentence Shekha is a girl
100%
Choose the Correct Sentence Woqod is a petrol station
100%
Select the correct Grammatical Sentence Wow! It's wonderful.
100%
Choose the Correct Sentence You're a boy
96%
Choose the Correct Sentence Your son's name is Faisal.
96%
Select the correct Grammatical Sentence I was Dancing.
91%
Choose the Correct Sentence She is Louis
91%
Choose the Correct Sentence Do you game?
61%
No matching quizzes found
Score Distribution
Percent of People with Each Score
Percentile by Number Answered
Your Score History
You have not taken this quiz